00405nam a22001577a 4500010001700000020002600017035001700043037001900060082000600079100001600085245004300101260003900144270004400183300001700227700000300244 aB-447002-008 a9788125037361c375.00 aB-447002-008 bBlue Berry/Ven aN aNoor, Ronny aSnake dance in Berlin /bby Roony Noor aNew DelhibOrient Black Swanc2000 a1/24, Asaf ali Road,bNew Delhie110002 a226p.b22cm.